Stage Lighting Design /
Estudio sobre el desarrollo del diseño de iluminación escénica desde su aplicación en el teatro antiguo hasta la actuación contemporánea, así como los procesos de diseño que incluye la planificación, prueba y ejecución de un diseño de iluminación. El autor acompaña ejercicios que desafían las habili...
Gardado en:
| Autor Principal: | |
|---|---|
| Outros autores: | |
| Formato: | Libro |
| Idioma: | inglés |
| Publicado: |
Ramsbury, Inglaterra
Crowood,
2018, c2018
|
| Edición: | 2a edición |
| Series: | (Crowood Theatre Companions)
|
| Temas: | |
| Acceso en liña: | Ver documento en línea |
| Etiquetas: |
Sen Etiquetas, Sexa o primeiro en etiquetar este rexistro!
|
MARC
| LEADER | 00000nam^a2200000^a^4500 | ||
|---|---|---|---|
| 001 | 000427621 | ||
| 005 | 20251023000000.0 | ||
| 009 | 20260310122811.773 | ||
| 020 | |a 978-1-78500-368-4 | ||
| 037 | |a Acervo ITESO - Biblioteca | ||
| 041 | |a ING | ||
| 082 | |a 792. 025 |b FRA | ||
| 100 | |a Fraser, Neil |e (autor) | ||
| 245 | 1 | 0 | |a Stage Lighting Design / |c N. Fraser ; pról. de R. Attenborough. |
| 250 | |a 2a edición | ||
| 264 | 4 | |a Ramsbury, Inglaterra |b Crowood, |c 2018, c2018 | |
| 264 | 2 | |a Birmingham, EUA : |b EBSCOhost [distribución], |c 2017 | |
| 300 | |a 1 libro electrónico en línea (1 v. sin paginación) | ||
| 300 | |a 1 recurso en línea | ||
| 336 | |a datos para computadora |b cod |2 rdacontenido | ||
| 337 | |a computadora |b c |2 rdamedio | ||
| 338 | |a recurso en línea |b cr |2 rdasoporte | ||
| 440 | 1 | |a (Crowood Theatre Companions) | |
| 506 | 1 | |a 1 licencia | |
| 520 | |a Estudio sobre el desarrollo del diseño de iluminación escénica desde su aplicación en el teatro antiguo hasta la actuación contemporánea, así como los procesos de diseño que incluye la planificación, prueba y ejecución de un diseño de iluminación. El autor acompaña ejercicios que desafían las habilidades de iluminación de los interesados. | ||
| 521 | |a 2019 BO Licenciatura en Comunicación y Artes Audiovisuales | ||
| 649 | |a XX | ||
| 650 | |a Iluminación Escenográfica - |x Tema Principal | ||
| 650 | |a Iluminación Artificial | ||
| 650 | |a Escenografía (Diseño y Montaje) - |x Tema Principal | ||
| 650 | |a Escenografía | ||
| 650 | |a Diseño Escenográfico | ||
| 650 | |a Producción (Artes Escénicas) | ||
| 650 | |a Montaje Teatral | ||
| 650 | |a Teatro | ||
| 650 | |a Comunicación Visual | ||
| 650 | |a Artes Escénicas (Producción) | ||
| 650 | |a Artes Escénicas | ||
| 650 | |a Arte Efímero | ||
| 650 | |a Arte | ||
| 700 | |a Attenborough, Richard |e (prólogo) | ||
| 856 | 4 | 0 | |u https://ezproxy.iteso.mx/login?url=https://search.ebscohost.com/login.aspx?direct=true&scope=site&db=nlebk&db=nlabk&AN=1686428 |y Ver documento en línea |
| 910 | |a Fondo General | ||
| 920 | |a Electrónicos - Libros en Línea | ||
| 930 | |a Plataforma Digital | ||
| 905 | |a 205 | ||
| 901 | |a 427621-1 |b IT2 |c EBO |i C174950 |u 20250521 | ||
| 902 | |a https://opac.biblio.iteso.mx/vufind/Record/000427621 | ||